000 00707nam a2200253Ia 4500
003 OSt
005 20220916110942.0
006 a|||||r|||| 00| 0
007 ta
008 220915b |||||||| |||| 00| 0 eng d
024 _a28756
037 _cTextbook
040 _beng
_aARTS
_cARTS
041 _aeng
082 _aO111,2J64,20:g, L1-;1
100 _aShakespeare William
245 0 _aOthello : A case book ed. by John Wain
260 _aHoundmills
_bMacMillan UK
300 _a244p.
_ccm.
650 _aENGLISH LITERATURE
700 _a Wain John Ed.
942 _hO111,2J64,20:g, L1-;1
_cTB
_2CC
999 _c102135
_d102135